000 01092nam a22003137a 4500
003 CHAP
005 20220817042325.0
008 971013s1969 r 00010 d
010 _a40872
011 _a41844
035 _a45970
040 _cCHAP
082 _a338.1
_bM67
100 0 0 _aMosher, Arthur T.
_979008
245 _aCreating a progressive rural structure
_b: to serve a modern agriculture
260 _aNew York :
_bAgricultural Development Council,
_c1969
300 _a172 p.
_b: ilus
590 _aBATCH-UPD
_b10
_c20130110
_lUCH01
_h1902
590 _aBATCH-UPD
_b10
_c20130410
_lUCH01
_h1230
590 _aBATCH-UPD
_b10
_c20130914
_lUCH01
_h1928
590 _aCONVERSION
_b10
_c20130109
_lUCH01
_h1323
650 1 4 _aAgricultura
_xAspectos económicos.
650 1 4 _aPolítica agrícola.
_990283
901 _aBK
942 _cLIBRO
949 _a338.1 M67
_bBC
_cLIBRO
_d33724000345641
_eLIBRO
_fc.3
_h31309
_i45970
_si
949 _a338.1 M67
_bBC
_cLIBRO
_d33724000345658
_eLIBRO
_fc.2
_h26620
_i45970
_mD
_si
949 _a338.1 M67
_bBC
_cLIBRO
_d33724000345666
_eLIBRO
_h14157
_i45970
_mD
_si
999 _c40872
_d40872